000 00765nam a22002537a 4500
003 OSt
005 20170221100449.0
008 160920b xxu||||| |||| 00| 0 eng d
020 _a978-84-415-2223-7
040 _cCRI
082 _a004.1
100 1 _91628
_a Bott, Ed
245 _aLa biblia de Office 2007
_cEd Bott, Woody Leonhard; Editor Manuel Ruiz Calderón.
260 _aMadrid
_bANAYA
_c200'5
300 _a976 p.
_bil.
_c23 cm.
500 _aÍndice: p. [9]
546 _aTraducido por: Jorge Garrido Ibárrez
650 0 _92031
_aInformática
700 1 _939749
_aBailey, Andrew
700 1 _939745
_aRuiz,Víctor Manuel.
700 1 _939756
_aIbárrez Garrido, Jorge
700 1 _939752
_aPoza Melero, Cecilia
942 _2ddc
_cBK
_hprozim
999 _c25942
_d25942